[Event "British Rapidplay Championship 2023"]
[Site "Mercure Bradford, Bankfield Hotel"]
[Date "2023.04.16"]
[Round "8.23"]
[White "Stephens, Carl"]
[Black "De Silva, Sithun"]
[Result "1/2-1/2"]
[TimeControl "All moves in 15 minutes plus 10 second increment per move from move 1"]
[WhiteElo "1682"]
[BlackElo "1507"]

1. e4 {[%clk 00:15:18]} {[%emt 00:00:04]} e6 {[%clk 00:15:19]} 2. d4 {[%clk
00:14:52]} {[%emt 00:00:35]} d5 {[%clk 00:15:26]} {[%emt 00:00:02]} 3. Nd2
{[%clk 00:15:00]} {[%emt 00:00:03]} c5 {[%clk 00:15:34]} {[%emt 00:00:02]} 4.
exd5 {[%clk 00:14:50]} {[%emt 00:00:21]} Qxd5 {[%clk 00:15:41]} {[%emt
00:00:02]} 5. dxc5 {[%clk 00:14:17]} {[%emt 00:00:43]} Bxc5 {[%clk 00:15:43]}
{[%emt 00:00:08]} 6. Ngf3 {[%clk 00:14:22]} {[%emt 00:00:05]} Nf6 {[%clk
00:15:29]} {[%emt 00:00:25]} 7. Bc4 {[%clk 00:13:56]} {[%emt 00:00:35]} Qd7
{[%clk 00:15:37]} {[%emt 00:00:02]} 8. h3 {[%clk 00:13:53]} {[%emt 00:00:13]}
Nc6 {[%clk 00:15:32]} {[%emt 00:00:13]} 9. Qe2 {[%clk 00:13:18]} {[%emt
00:00:47]} Qc7 {[%clk 00:14:01]} {[%emt 00:01:41]} 10. O-O {[%clk 00:11:22]}
{[%emt 00:02:07]} O-O {[%clk 00:13:10]} {[%emt 00:01:00]} 11. Ne4 {[%clk
00:10:39]} {[%emt 00:00:53]} Be7 {[%clk 00:09:39]} {[%emt 00:03:41]} 12. Bg5
{[%clk 00:09:37]} {[%emt 00:01:13]} Nxe4 {[%clk 00:08:51]} {[%emt 00:00:58]} 13.
Qxe4 {[%clk 00:09:46]} {[%emt 00:00:01]} Bxg5 {[%clk 00:08:11]} {[%emt
00:00:49]} 14. Nxg5 {[%clk 00:09:54]} {[%emt 00:00:02]} g6 {[%clk 00:08:15]}
{[%emt 00:00:05]} 15. Qh4 {[%clk 00:08:28]} {[%emt 00:01:37]} h5 {[%clk
00:07:53]} {[%emt 00:00:29]} 16. g4 {[%clk 00:06:57]} {[%emt 00:01:44]} Qf4
{[%clk 00:06:59]} {[%emt 00:01:02]} 17. Be2 {[%clk 00:04:59]} {[%emt 00:02:10]}
Nd4 {[%clk 00:05:07]} {[%emt 00:01:59]} 18. Bd3 {[%clk 00:02:36]} {[%emt
00:02:36]} Nf5 {[%clk 00:03:44]} {[%emt 00:01:33]} 19. Bxf5 {[%clk 00:02:41]}
{[%emt 00:00:04]} exf5 {[%clk 00:03:50]} {[%emt 00:00:04]} 20. Kg2 {[%clk
00:02:21]} {[%emt 00:00:32]} fxg4 {[%clk 00:03:45]} {[%emt 00:00:14]} 21. hxg4
{[%clk 00:02:28]} {[%emt 00:00:03]} Qxg4+ {[%clk 00:03:51]} {[%emt 00:00:03]}
22. Qxg4 {[%clk 00:02:35]} {[%emt 00:00:04]} Bxg4 {[%clk 00:03:56]} {[%emt
00:00:05]} 23. Rfe1 {[%clk 00:02:18]} {[%emt 00:00:29]} f6 {[%clk 00:03:19]}
{[%emt 00:00:45]} 24. Ne4 {[%clk 00:02:20]} {[%emt 00:00:09]} Bd7 {[%clk
00:03:14]} {[%emt 00:00:10]} 25. Rad1 {[%clk 00:02:16]} {[%emt 00:00:20]} Bc6
{[%clk 00:03:19]} {[%emt 00:00:03]} 26. f3 {[%clk 00:02:24]} {[%emt 00:00:04]}
Bxe4 {[%clk 00:03:12]} {[%emt 00:00:16]} 27. Rxe4 {[%clk 00:02:28]} {[%emt
00:00:06]} Rad8 {[%clk 00:03:09]} {[%emt 00:00:09]} 28. Rde1 {[%clk 00:02:27]}
{[%emt 00:00:15]} Rd2+ {[%clk 00:03:13]} {[%emt 00:00:06]} 29. R1e2 {[%clk
00:02:32]} {[%emt 00:00:06]} Rxe2+ {[%clk 00:03:18]} {[%emt 00:00:04]} 30. Rxe2
{[%clk 00:02:41]} Rf7 {[%clk 00:03:22]} {[%emt 00:00:04]} 31. c3 {[%clk
00:02:45]} {[%emt 00:00:09]} Rd7 {[%emt 00:00:43]} 32. b4 {[%clk 00:02:19]} Kf7
{[%clk 00:03:08]} {[%emt 00:00:26]} 33. a4 {[%clk 00:02:07]} {[%emt 00:00:22]}
Rd3 {[%clk 00:03:13]} {[%emt 00:00:04]} 34. Rc2 {[%clk 00:01:55]} {[%emt
00:00:23]} 1/2-1/2

[Event "British Rapidplay Championship 2023"]
[Site "Mercure Bradford, Bankfield Hotel"]
[Date "2023.04.16"]
[Round "8.24"]
[White "Wainwright, Charlie"]
[Black "Ezzo, Talal"]
[Result "0-1"]
[TimeControl "All moves in 15 minutes plus 10 second increment per move from move 1"]
[WhiteElo "1329"]
[BlackElo "1637"]

1. d4 {[%clk 00:15:18]} {[%emt 00:00:01]} Nf6 {[%clk 00:15:18]} {[%emt
00:00:02]} 2. c4 {[%clk 00:15:21]} {[%emt 00:00:07]} c6 {[%clk 00:15:18]}
{[%emt 00:00:11]} 3. Nc3 {[%clk 00:15:08]} {[%emt 00:00:23]} d5 {[%clk
00:15:22]} {[%emt 00:00:07]} 4. Bg5 {[%clk 00:14:21]} {[%emt 00:00:55]} e6
{[%clk 00:15:21]} {[%emt 00:00:11]} 5. e3 {[%clk 00:14:26]} {[%emt 00:00:05]}
a6 {[%clk 00:15:26]} {[%emt 00:00:06]} 6. a3 {[%clk 00:13:53]} {[%emt
00:00:44]} dxc4 {[%clk 00:15:24]} {[%emt 00:00:12]} 7. Bxc4 {[%clk 00:13:55]}
{[%emt 00:00:07]} b5 {[%clk 00:15:32]} {[%emt 00:00:03]} 8. Bd3 {[%clk
00:13:59]} {[%emt 00:00:06]} Bb7 {[%clk 00:15:35]} {[%emt 00:00:08]} 9. Nf3
{[%clk 00:14:00]} {[%emt 00:00:08]} Nbd7 {[%clk 00:15:09]} {[%emt 00:00:37]} 10.
b4 {[%clk 00:13:53]} {[%emt 00:00:17]} Be7 {[%clk 00:14:50]} {[%emt 00:00:28]}
11. O-O {[%clk 00:12:40]} {[%emt 00:01:23]} O-O {[%clk 00:14:59]} {[%emt
00:00:02]} 12. Qc2 {[%clk 00:12:43]} {[%emt 00:00:06]} h6 {[%clk 00:14:46]}
{[%emt 00:00:23]} 13. Bf4 {[%clk 00:11:56]} {[%emt 00:00:58]} Nd5 {[%clk
00:14:37]} {[%emt 00:00:19]} 14. Nxd5 {[%clk 00:11:42]} {[%emt 00:00:23]} cxd5
{[%clk 00:14:43]} {[%emt 00:00:05]} 15. Rac1 {[%clk 00:11:21]} {[%emt
00:00:31]} Rc8 {[%clk 00:13:20]} {[%emt 00:01:33]} 16. Qb2 {[%clk 00:11:13]}
{[%emt 00:00:18]} Nb6 {[%clk 00:13:07]} {[%emt 00:00:23]} 17. Qe2 {[%clk
00:10:12]} {[%emt 00:01:10]} Nc4 {[%clk 00:13:12]} {[%emt 00:00:06]} 18. Ra1
{[%clk 00:09:27]} {[%emt 00:00:55]} Bd6 {[%clk 00:11:16]} {[%emt 00:02:06]} 19.
Bxd6 {[%clk 00:07:50]} {[%emt 00:01:46]} Qxd6 {[%clk 00:11:24]} {[%emt
00:00:02]} 20. Nd2 {[%clk 00:07:44]} {[%emt 00:00:16]} f5 {[%clk 00:10:15]}
{[%emt 00:01:18]} 21. f4 {[%clk 00:07:04]} {[%emt 00:00:51]} Rc7 {[%clk
00:10:15]} {[%emt 00:00:11]} 22. Nf3 {[%clk 00:07:08]} {[%emt 00:00:05]} Rfc8
{[%clk 00:10:04]} {[%emt 00:00:21]} 23. Ne5 {[%clk 00:07:00]} {[%emt 00:00:18]}
Qf8 {[%clk 00:09:04]} {[%emt 00:01:10]} 24. Ng6 {[%clk 00:06:06]} {[%emt
00:01:03]} Qf7 {[%clk 00:08:27]} {[%emt 00:00:49]} 25. Ne5 {[%clk 00:06:11]}
{[%emt 00:00:05]} Nxe5 {[%clk 00:07:58]} {[%emt 00:00:39]} 26. fxe5 {[%clk
00:05:56]} {[%emt 00:00:24]} Rc3 {[%clk 00:06:55]} {[%emt 00:01:13]} 27. Rfb1
{[%clk 00:04:15]} {[%emt 00:01:52]} Qc7 {[%clk 00:05:47]} {[%emt 00:01:18]} 28.
Qd2 {[%clk 00:03:45]} {[%emt 00:00:39]} g5 {[%clk 00:05:14]} {[%emt 00:00:44]}
29. g3 {[%clk 00:03:24]} {[%emt 00:00:30]} Kg7 {[%clk 00:05:13]} {[%emt
00:00:12]} 30. Kg2 {[%clk 00:03:31]} {[%emt 00:00:02]} Qc6 {[%clk 00:05:03]}
{[%emt 00:00:20]} 31. h3 {[%clk 00:03:22]} {[%emt 00:00:19]} Rc7 {[%clk
00:05:11]} {[%emt 00:00:03]} 32. Ra2 {[%clk 00:03:13]} {[%emt 00:00:19]} Bc8
{[%clk 00:05:05]} {[%emt 00:00:15]} 33. Rbb2 {[%clk 00:03:13]} {[%emt
00:00:10]} Bd7 {[%clk 00:04:03]} {[%emt 00:01:12]} 34. Rc2 {[%clk 00:03:19]}
{[%emt 00:00:04]} Rc4 {[%clk 00:03:51]} {[%emt 00:00:22]} 35. Bxc4 {[%clk
00:03:19]} {[%emt 00:00:10]} dxc4+ {[%clk 00:03:59]} {[%emt 00:00:02]} 36. Kh2
{[%clk 00:03:15]} {[%emt 00:00:14]} Qe4 {[%clk 00:03:45]} {[%emt 00:00:25]} 37.
Rc3 {[%clk 00:02:55]} {[%emt 00:00:30]} Bc6 {[%clk 00:03:22]} {[%emt 00:00:33]}
38. Rac2 {[%clk 00:02:37]} {[%emt 00:00:28]} Qd5 {[%clk 00:02:50]} {[%emt
00:00:21]} 0-1

[Event "British Rapidplay Championship 2023"]
[Site "Mercure Bradford, Bankfield Hotel"]
[Date "2023.04.16"]
[Round "8.25"]
[White "McLean, Rory R"]
[Black "Rogowski, Rafal"]
[Result "0-1"]
[TimeControl "All moves in 15 minutes plus 10 second increment per move from move 1"]
[WhiteElo "1626"]
[BlackElo "1291"]

1. d4 {[%clk 00:15:16]} {[%emt 00:00:04]} Nf6 {[%clk 00:15:15]} {[%emt
00:00:06]} 2. c4 {[%clk 00:15:24]} d5 {[%clk 00:15:20]} {[%emt 00:00:06]} 3.
cxd5 {[%clk 00:15:30]} {[%emt 00:00:03]} Nxd5 {[%clk 00:15:26]} {[%emt
00:00:04]} 4. e4 {[%clk 00:15:38]} Nb6 {[%clk 00:15:19]} {[%emt 00:00:19]} 5.
Nc3 {[%clk 00:15:43]} {[%emt 00:00:04]} Nc6 {[%clk 00:15:11]} {[%emt 00:00:18]}
6. Nf3 {[%clk 00:15:44]} {[%emt 00:00:09]} Bg4 {[%clk 00:15:06]} {[%emt
00:00:15]} 7. d5 {[%clk 00:14:55]} {[%emt 00:00:58]} Bxf3 {[%clk 00:15:07]}
{[%emt 00:00:10]} 8. Qxf3 {[%clk 00:15:00]} {[%emt 00:00:04]} Nd4 {[%clk
00:14:44]} {[%emt 00:00:34]} 9. Qd1 {[%clk 00:14:56]} {[%emt 00:00:13]} e5
{[%clk 00:14:06]} {[%emt 00:00:49]} 10. Be3 {[%clk 00:14:39]} {[%emt 00:00:26]}
Bc5 {[%clk 00:12:18]} {[%emt 00:01:59]} 11. a3 {[%clk 00:14:25]} {[%emt
00:00:25]} a5 {[%clk 00:11:33]} {[%emt 00:00:54]} 12. Bxd4 {[%clk 00:13:30]}
{[%emt 00:01:05]} Bxd4 {[%clk 00:11:32]} {[%emt 00:00:11]} 13. Bb5+ {[%clk
00:13:28]} {[%emt 00:00:12]} Ke7 {[%clk 00:10:48]} {[%emt 00:00:54]} 14. O-O
{[%clk 00:13:15]} {[%emt 00:00:22]} Qd6 {[%clk 00:09:54]} {[%emt 00:01:05]} 15.
Rb1 {[%clk 00:11:40]} {[%emt 00:01:45]} Rhd8 {[%clk 00:08:19]} {[%emt
00:01:45]} 16. Ne2 {[%clk 00:11:28]} {[%emt 00:00:22]} c5 {[%clk 00:07:55]}
{[%emt 00:00:34]} 17. Kh1 {[%clk 00:11:05]} {[%emt 00:00:33]} g6 {[%clk
00:06:45]} {[%emt 00:01:20]} 18. f4 {[%clk 00:10:44]} {[%emt 00:00:31]} f6
{[%clk 00:06:24]} {[%emt 00:00:31]} 19. Qe1 {[%clk 00:10:11]} {[%emt 00:00:43]}
Kf7 {[%clk 00:05:29]} {[%emt 00:01:06]} 20. fxe5 {[%clk 00:08:29]} {[%emt
00:01:51]} Bxe5 {[%clk 00:05:12]} {[%emt 00:00:26]} 21. Qh4 {[%clk 00:08:22]}
{[%emt 00:00:15]} Kg7 {[%clk 00:05:17]} {[%emt 00:00:08]} 22. Nf4 {[%clk
00:08:10]} {[%emt 00:00:22]} Bxf4 {[%clk 00:04:22]} {[%emt 00:01:05]} 23. Qxf4
{[%clk 00:07:34]} {[%emt 00:00:46]} Qxf4 {[%clk 00:04:06]} {[%emt 00:00:26]} 24.
Rxf4 {[%clk 00:07:43]} {[%emt 00:00:01]} Rd6 {[%clk 00:03:43]} {[%emt
00:00:33]} 25. Rc1 {[%clk 00:07:38]} {[%emt 00:00:14]} Rc8 {[%clk 00:03:35]}
{[%emt 00:00:18]} 26. h3 {[%clk 00:07:35]} {[%emt 00:00:12]} Nd7 {[%clk
00:03:30]} {[%emt 00:00:16]} 27. Bxd7 {[%clk 00:07:18]} {[%emt 00:00:27]} Rxd7
{[%clk 00:03:39]} {[%emt 00:00:01]} 28. b4 {[%clk 00:07:07]} {[%emt 00:00:21]}
axb4 {[%clk 00:03:24]} {[%emt 00:00:25]} 29. axb4 {[%clk 00:07:15]} {[%emt
00:00:02]} c4 {[%clk 00:03:33]} {[%emt 00:00:01]} 30. e5 {[%clk 00:06:00]}
{[%emt 00:01:25]} fxe5 {[%clk 00:03:38]} {[%emt 00:00:05]} 31. Rfxc4 {[%clk
00:06:08]} {[%emt 00:00:02]} Rxc4 {[%clk 00:03:30]} {[%emt 00:00:18]} 32. Rxc4
{[%clk 00:06:17]} {[%emt 00:00:01]} Kf6 {[%clk 00:03:22]} {[%emt 00:00:19]} 33.
Rc5 {[%clk 00:06:23]} {[%emt 00:00:03]} e4 {[%clk 00:03:26]} {[%emt 00:00:06]}
34. Kg1 {[%clk 00:06:31]} {[%emt 00:00:02]} Ke5 {[%clk 00:03:34]} {[%emt
00:00:02]} 35. Kf2 {[%clk 00:06:14]} {[%emt 00:00:26]} Rxd5 {[%clk 00:03:42]}
{[%emt 00:00:02]} 36. Rc8 {[%clk 00:06:17]} {[%emt 00:00:07]} Rd2+ {[%clk
00:03:35]} {[%emt 00:00:18]} 37. Ke3 {[%clk 00:06:16]} {[%emt 00:00:11]} Rd3+
{[%clk 00:03:18]} {[%emt 00:00:24]} 38. Ke2 {[%clk 00:06:18]} {[%emt 00:00:10]}
b5 {[%clk 00:03:14]} {[%emt 00:00:16]} 39. Rc5+ {[%emt 00:00:06]} Rd5 {[%clk
00:03:22]} 40. Rc1 {[%clk 00:05:09]} {[%emt 00:01:24]} Kd4 {[%clk 00:03:01]}
{[%emt 00:00:31]} 41. Rc7 {[%clk 00:04:26]} {[%emt 00:00:54]} h5 {[%clk
00:02:45]} {[%emt 00:00:25]} 42. Rc6 {[%clk 00:04:19]} {[%emt 00:00:17]} g5
{[%clk 00:02:43]} {[%emt 00:00:11]} 43. Rc7 {[%clk 00:03:40]} {[%emt 00:00:49]}
h4 {[%clk 00:02:22]} {[%emt 00:00:32]} 44. Rc6 {[%clk 00:03:35]} {[%emt
00:00:15]} e3 {[%clk 00:02:19]} {[%emt 00:00:12]} 45. Re6 {[%clk 00:03:37]}
{[%emt 00:00:09]} Kc4 {[%clk 00:01:54]} {[%emt 00:00:31]} 46. Rxe3 {[%clk
00:03:11]} {[%emt 00:00:40]} Kxb4 {[%clk 00:01:58]} {[%emt 00:00:07]} 47. Kf3
{[%clk 00:02:56]} {[%emt 00:00:24]} Kc4 {[%clk 00:01:47]} {[%emt 00:00:21]} 48.
Re4+ {[%clk 00:02:54]} {[%emt 00:00:12]} Rd4 {[%clk 00:01:53]} {[%emt
00:00:04]} 49. Re5 {[%clk 00:03:02]} {[%emt 00:00:01]} b4 {[%clk 00:01:47]}
{[%emt 00:00:17]} 50. Rxg5 {[%clk 00:03:01]} {[%emt 00:00:11]} b3 {[%clk
00:01:55]} {[%emt 00:00:02]} 51. Rg8 {[%clk 00:03:06]} {[%emt 00:00:04]} b2
{[%clk 00:01:51]} {[%emt 00:00:16]} 52. Rb8 {[%clk 00:03:15]} {[%emt 00:00:02]}
Kc3 {[%clk 00:01:54]} {[%emt 00:00:05]} 53. Ke3 {[%clk 00:03:16]} {[%emt
00:00:10]} Rc4 {[%clk 00:01:45]} {[%emt 00:00:17]} 54. g4 {[%clk 00:02:04]}
{[%emt 00:01:23]} hxg3 {[%clk 00:01:50]} {[%emt 00:00:06]} 55. Kf3 {[%clk
00:02:10]} {[%emt 00:00:04]} Kc2 {[%clk 00:01:55]} {[%emt 00:00:05]} 56. Kxg3
{[%clk 00:02:13]} {[%emt 00:00:07]} b1=Q 57. Rxb1 Kxb1 {[%clk 00:01:59]} {[%emt
00:00:03]} 58. Kf3 {[%clk 00:02:05]} {[%emt 00:00:17]} Kc2 {[%clk 00:02:05]}
{[%emt 00:00:04]} 59. Kg3 {[%clk 00:02:14]} Kd3 {[%clk 00:02:14]} {[%emt
00:00:02]} 60. Kf3 {[%clk 00:02:20]} {[%emt 00:00:03]} Rh4 {[%clk 00:02:18]}
{[%emt 00:00:06]} 61. Kg3 {[%clk 00:02:28]} {[%emt 00:00:02]} Rh8 {[%clk
00:02:27]} {[%emt 00:00:02]} 62. Kg2 {[%clk 00:02:32]} {[%emt 00:00:06]} Ke3
{[%clk 00:02:34]} {[%emt 00:00:03]} 63. Kg3 {[%clk 00:02:37]} {[%emt 00:00:04]}
Rg8 {[%clk 00:02:34]} {[%emt 00:00:11]} 64. Kh4 {[%clk 00:02:45]} Kf4 {[%clk
00:02:40]} {[%emt 00:00:05]} 65. Kh5 {[%clk 00:02:52]} {[%emt 00:00:02]} Kf5
{[%clk 00:02:43]} {[%emt 00:00:07]} 66. Kh6 {[%clk 00:03:01]} {[%emt 00:00:02]}
Rh8+ {[%clk 00:02:31]} {[%emt 00:00:22]} 67. Kg7 {[%clk 00:03:09]} {[%emt
00:00:02]} Rxh3 {[%clk 00:02:39]} {[%emt 00:00:02]} 68. Kf7 {[%clk 00:03:15]}
{[%emt 00:00:03]} Rh7+ {[%clk 00:02:46]} {[%emt 00:00:03]} 69. Kg8 {[%clk
00:03:23]} {[%emt 00:00:02]} Kg6 {[%clk 00:02:52]} {[%emt 00:00:04]} 70. Kf8
{[%clk 00:03:32]} {[%emt 00:00:02]} Ra7 {[%clk 00:03:00]} {[%emt 00:00:02]} 71.
Ke8 {[%clk 00:03:40]} {[%emt 00:00:02]} Kf6 {[%clk 00:03:09]} 72. Kd8 {[%clk
00:03:49]} Ke6 {[%clk 00:03:17]} {[%emt 00:00:01]} 73. Kc8 {[%clk 00:03:58]}
{[%emt 00:00:01]} Kd6 {[%clk 00:03:24]} {[%emt 00:00:04]} 74. Kb8 {[%clk
00:04:07]} Rh7 {[%clk 00:03:31]} {[%emt 00:00:02]} 75. Kc8 {[%clk 00:04:16]}
{[%emt 00:00:01]} Rg7 {[%clk 00:03:38]} {[%emt 00:00:03]} 76. Kb8 {[%clk
00:04:25]} {[%emt 00:00:01]} Kc6 {[%clk 00:03:47]} {[%emt 00:00:01]} 77. Ka8
{[%clk 00:04:34]} {[%emt 00:00:01]} Kb6 {[%clk 00:03:56]} {[%emt 00:00:01]} 78.
Kb8 {[%clk 00:04:42]} {[%emt 00:00:01]} Rg8# {[%clk 00:03:52]} 0-1

[Event "British Rapidplay Championship 2023"]
[Site "Mercure Bradford, Bankfield Hotel"]
[Date "2023.04.16"]
[Round "8.27"]
[White "Convalle, Pietro"]
[Black "Cuaresma, Bien"]
[Result "0-1"]
[TimeControl "All moves in 15 minutes plus 10 second increment per move from move 1"]
[WhiteElo "1481"]
[BlackElo "1606"]

1. d4 {[%clk 00:15:19]} {[%emt 00:00:02]} d6 {[%clk 00:15:17]} {[%emt
00:00:03]} 2. Bf4 {[%clk 00:15:27]} Nf6 {[%clk 00:15:24]} {[%emt 00:00:03]} 3.
Nf3 {[%clk 00:15:36]} {[%emt 00:00:02]} c6 {[%clk 00:15:31]} {[%emt 00:00:02]}
4. Nbd2 {[%clk 00:15:40]} {[%emt 00:00:06]} Qa5 {[%clk 00:15:26]} {[%emt
00:00:14]} 5. c3 {[%clk 00:15:34]} {[%emt 00:00:16]} Nbd7 {[%clk 00:15:33]}
{[%emt 00:00:03]} 6. b4 {[%clk 00:14:28]} {[%emt 00:01:17]} Qd8 {[%clk
00:15:30]} {[%emt 00:00:11]} 7. e3 {[%clk 00:14:01]} {[%emt 00:00:37]} e6
{[%clk 00:14:30]} {[%emt 00:01:11]} 8. Qc2 {[%clk 00:13:45]} {[%emt 00:00:26]}
a5 {[%clk 00:14:25]} {[%emt 00:00:14]} 9. Bd3 {[%clk 00:13:28]} {[%emt
00:00:27]} d5 {[%clk 00:14:06]} {[%emt 00:00:29]} 10. O-O {[%clk 00:13:17]}
{[%emt 00:00:21]} h6 {[%clk 00:14:05]} {[%emt 00:00:12]} 11. Ne5 {[%clk
00:13:20]} {[%emt 00:00:07]} axb4 {[%clk 00:14:03]} {[%emt 00:00:12]} 12. Nxf7
{[%clk 00:12:10]} {[%emt 00:01:21]} Kxf7 {[%clk 00:14:09]} {[%emt 00:00:02]} 13.
Bg6+ {[%clk 00:12:18]} {[%emt 00:00:03]} Kg8 {[%clk 00:13:46]} {[%emt
00:00:32]} 14. h4 {[%clk 00:11:44]} {[%emt 00:00:45]} Be7 {[%clk 00:13:53]}
{[%emt 00:00:03]} 15. cxb4 {[%clk 00:09:16]} {[%emt 00:02:38]} Bxb4 {[%clk
00:13:45]} {[%emt 00:00:18]} 16. Rfb1 {[%clk 00:09:15]} {[%emt 00:00:11]} Be7
{[%clk 00:13:49]} {[%emt 00:00:04]} 17. Nf3 {[%clk 00:09:01]} {[%emt 00:00:26]}
Nf8 {[%clk 00:13:47]} {[%emt 00:00:11]} 18. h5 {[%clk 00:08:46]} {[%emt
00:00:25]} Nxg6 {[%clk 00:12:17]} {[%emt 00:01:40]} 19. hxg6 {[%clk 00:08:53]}
{[%emt 00:00:04]} Bd6 {[%clk 00:11:36]} {[%emt 00:00:51]} 20. Bxd6 {[%clk
00:08:49]} {[%emt 00:00:13]} Qxd6 {[%clk 00:11:45]} {[%emt 00:00:01]} 21. Ne5
{[%clk 00:08:58]} {[%emt 00:00:02]} Ne4 {[%clk 00:10:24]} {[%emt 00:01:30]} 22.
Nf7 {[%clk 00:08:38]} {[%emt 00:00:30]} Qe7 {[%clk 00:08:44]} {[%emt 00:00:02]}
23. Rb2 {[%clk 00:05:05]} {[%emt 00:05:31]} Ng5 {[%clk 00:08:44]} {[%emt
00:00:09]} 24. Nxh8 {[%clk 00:05:05]} {[%emt 00:00:11]} Kxh8 {[%clk 00:08:53]}
{[%emt 00:00:01]} 25. f3 {[%clk 00:04:50]} {[%emt 00:00:25]} Kg8 {[%clk
00:07:52]} {[%emt 00:01:11]} 26. a4 {[%clk 00:04:58]} {[%emt 00:00:02]} Qd6
{[%clk 00:06:52]} {[%emt 00:01:09]} 27. Kf2 {[%clk 00:03:36]} {[%emt 00:01:33]}
Qh2 {[%clk 00:06:54]} {[%emt 00:00:07]} 28. Ke2 {[%clk 00:01:35]} {[%emt
00:02:11]} Qxg2+ {[%clk 00:06:59]} {[%emt 00:00:05]} 29. Kd3 {[%clk 00:01:43]}
{[%emt 00:00:03]} Qxf3 {[%clk 00:07:06]} {[%emt 00:00:01]} 30. Qf2 {[%clk
00:01:06]} {[%emt 00:00:48]} Qe4+ {[%clk 00:06:46]} {[%emt 00:00:29]} 31. Kc3
{[%clk 00:00:41]} {[%emt 00:00:36]} Qxg6 {[%clk 00:06:53]} {[%emt 00:00:03]} 32.
Qf4 {[%clk 00:00:23]} {[%emt 00:00:28]} Ne4+ {[%clk 00:05:56]} {[%emt
00:01:06]} 33. Kb4 {[%clk 00:00:31]} {[%emt 00:00:02]} Qe8 {[%clk 00:05:29]}
{[%emt 00:00:35]} 34. Qe5 {[%clk 00:00:15]} {[%emt 00:00:29]} b6 {[%clk
00:04:42]} {[%emt 00:00:57]} 35. Rg1 {[%clk 00:00:23]} {[%emt 00:00:02]} c5+
{[%emt 00:00:30]} 36. Kb3 {[%clk 00:00:11]} Qxa4# {[%clk 00:04:52]} 0-1